Ενίσχυση εμπειρίας επίσκεψης σε αρχαιολογικούς χώρους με τη χρήση επαυξημένης πραγματικότητας (AR) σε συσκευές κινητού υπολογισμού : πτυχιακή εργασία

Αντικείμενο της παρούσας Διπλωματικής Εργασίας είναι να μελετήσει τη χρήση της τεχνολογίας επαυξημένης πραγματικότητας (augmented reality) για καλύτερη εμπειρία επισκεπτών σε αρχαιολογικούς χώρους. Πιο συγκεκριμένα, η διπλωματική στοχεύει στη διερεύνηση και χρήση της τεχνολογίας AR μέσω της ανάπτυξη...

Πλήρης περιγραφή

Αποθηκεύτηκε σε:
Λεπτομέρειες βιβλιογραφικής εγγραφής
Κύριος συγγραφέας: Γκίκας Αλέξιος-Παναγιώτης
Συγγραφή απο Οργανισμό/Αρχή: Πανεπιστήμιο Αιγαίου. Σχολή Θετικών Επιστημών. Τμήμα Μηχανικών Πληροφοριακών και Επικοινωνιακών Συστημάτων
Άλλοι συγγραφείς: Γκουμόπουλος, Χρήστος (dgs [Επιβλέπων καθηγητής])
Μορφή: Thesis Βιβλίο
Γλώσσα:Greek
Δημοσίευση: 2016.
Θέματα:
Διαθέσιμο Online:http://hdl.handle.net/11610/19618
Ετικέτες: Προσθήκη ετικέτας
Δεν υπάρχουν, Καταχωρήστε ετικέτα πρώτοι!

MARC

LEADER 00000cam a2200000 a 4500
001 1/112986
008 170207s2016####gr | ||| |||| ||gre||
040 |a GR-MyUa  |b gre  |c GR-MyUa  |e AACR2 
041 0 |a gre 
082 7 |a 006.8   |2 (23)  
100 1 |a Γκίκας Αλέξιος-Παναγιώτης. 
245 1 0 |a Ενίσχυση εμπειρίας επίσκεψης σε αρχαιολογικούς χώρους με τη χρήση επαυξημένης πραγματικότητας (AR) σε συσκευές κινητού υπολογισμού :   |b πτυχιακή εργασία /   |c Αλέξιος-Παναγιώτης Γκίκας ; επιβλέπων καθηγητής Χρήστος Γκουμόπουλος.  
260 |c 2016.  
300 |a 93 σ. :   |b εικ. ;   |c 30 εκ.  
500 |a Μέλη της εξεταστικής επιτροπής: Χρήστος Γκουμόπουλος, Ευστάθιος Σταματάτος, Εργίνα Καβαλλιεράτου.  
502 |a Πτυχιακή εργασία - Πανεπιστήμιο Αιγαίου, Σάμος, 2016.  
504 |a Βιβλιογραφία: σ. 86-89.  
506 0 |a Διάθεση πλήρους κειμένου - Ελεύθερη πρόσβαση. 
520 8 |a Αντικείμενο της παρούσας Διπλωματικής Εργασίας είναι να μελετήσει τη χρήση της τεχνολογίας επαυξημένης πραγματικότητας (augmented reality) για καλύτερη εμπειρία επισκεπτών σε αρχαιολογικούς χώρους. Πιο συγκεκριμένα, η διπλωματική στοχεύει στη διερεύνηση και χρήση της τεχνολογίας AR μέσω της ανάπτυξης μιας εφαρμογής η οποία θα αναγνωρίζει τα μνημεία σε αρχαιολογικούς χώρους και θα παρέχει επιπρόσθετη πληροφορία προβαλλόμενη από την οθόνη της κινητής συσκευής. Πιο συγκεκριμένα, η εργασία αυτή έχει τρία κύρια μέρη τα οποία είναι: α) να μελετήσει τη χρήση της τεχνολογίας AR για το «πάντρεμα» της ιστορίας με την τεχνολογία και πώς θα ενισχύσει την εμπειρία του επισκέπτη μέσω εφαρμογής σε κινητές συσκευές, μέσα από τη βιβλιογραφική μελέτη του συγκεκριμένου πεδίου β) να αναπτύξει μια σχετική εφαρμογή και να την αξιολογήσει ως προς τη χρησιμότητά της, και τέλος, γ) να προτείνει περαιτέρω δυνατότητες για το μέλλον, οι οποίες δεν μπορούν να υλοποιηθούν ακόμα λόγω των τεχνολογικών περιορισμών.  
650 0 |a Dissertations, Academic  |z Greece. 
650 0 |a Augmented reality. 
650 0 |a Mobile computing. 
650 0 |a Archaeological sites. 
700 1 |a Γκουμόπουλος, Χρήστος,  |e dgs [Επιβλέπων καθηγητής] 
710 2 |a Πανεπιστήμιο Αιγαίου.   |b Σχολή Θετικών Επιστημών.   |b Τμήμα Μηχανικών Πληροφοριακών και Επικοινωνιακών Συστημάτων. 
852 |a INST  |b SAMOS  |c DIATR  |e 20170207  |h 006.8 ΓΚΙ  |p 005300044318  |q 005300044318  |t DIE  |y 23 
856 |u http://hdl.handle.net/11610/19618 
924 |a Γκίκας  |b Αλέξιος-Παναγιώτης  |y Σάμος  |z 2016-10 
970 |a Κοσιέρης  |b Χρήστος  |z 07-02-2017